00606nam a2200169Ia 4500999001500000020001800015082002400033100002100057245008400078260004000162300001500202650003000217650002500247650002300272942001200295952012900307 c8213d8213 a9788183703451 a305.80095417bTIV-H aTiba, Th. Robert 0aHistory and culture of the Maram Nagas: a reconstruction from oral and folklore aNew DelhibAkansha Publishingc2013 axviii, 250 aNAGA (SOUTH ASIAN PEOPLE) aMARAM (INDIC PEOPLE) aTRIBEs AND TRIBALS cBK2ddc 00104070aNASSDOCbNASSDOCd2014-03-24eMBAi2014-03-12l0o305.80095417 TIV-Hp48329r2019-04-18 00:00:00w2019-04-18yBK